The ecclesiastical history of Eusebius Pamphilus : (Record no. 6347)

MARC details
000 -LEADER
fixed length control field 01204cam a2200313Ia 4500
001 - CONTROL NUMBER
control field 35020473
003 - CONTROL NUMBER IDENTIFIER
control field OCoLC
005 - DATE AND TIME OF LATEST TRANSACTION
control field 20190116180805.0
008 - FIXED-LENGTH DATA ELEMENTS--GENERAL INFORMATION
fixed length control field 960702s1995 miu b 000 0 eng d
010 ## - LIBRARY OF CONGRESS CONTROL NUMBER
LC control number 55010437
020 ## - INTERNATIONAL STANDARD BOOK NUMBER
International Standard Book Number 0801033063 (pbk.) :
040 ## - CATALOGING SOURCE
Original cataloging agency UUC
Transcribing agency UUC
041 1# - LANGUAGE CODE
Language code of text/sound track or separate title eng
Language code of original gre
082 ## - DEWEY DECIMAL CLASSIFICATION NUMBER
Classification number 875
Item number B792e
092 ## - LOCALLY ASSIGNED DEWEY CALL NUMBER (OCLC)
Classification number 270.1
Item number E91E
100 0# - MAIN ENTRY--PERSONAL NAME
Personal name Eusebius,
Titles and words associated with a name of Caesarea, Bishop of Caesarea,
Dates associated with a name ca. 260-ca. 340
245 14 - TITLE STATEMENT
Title The ecclesiastical history of Eusebius Pamphilus :
Remainder of title bishop of Cesarea, in Palestine /
Statement of responsibility, etc. translated from the original by Christian Frederic Cruse and an historical view of the Council of Nice by Isaac Boyle
246 1# - VARYING FORM OF TITLE
Display text Cover title :
Title proper/short title Eusebius' ecclesiastical history
260 ## - PUBLICATION, DISTRIBUTION, ETC.
Place of publication, distribution, etc. Grand Rapids, Mich. :
Name of publisher, distributor, etc. Baker Book House,
Date of publication, distribution, etc. 1995
300 ## - PHYSICAL DESCRIPTION
Extent xxxviii, 480, 59 p. ;
Dimensions 23 cm
490 1# - SERIES STATEMENT
Series statement Twin brooks series
500 ## - GENERAL NOTE
General note Facsimile reprint of 1850 ed
504 ## - BIBLIOGRAPHY, ETC. NOTE
Bibliography, etc. note Includes bibliographical references
650 #0 - SUBJECT ADDED ENTRY--TOPICAL TERM
Topical term or geographic name entry element Church history
Chronological subdivision Primitive and early church, ca. 30-600
700 1# - ADDED ENTRY--PERSONAL NAME
Personal name Crusé, Christian Frederic,
Dates associated with a name 1794-1864
700 1# - ADDED ENTRY--PERSONAL NAME
Personal name Boyle, Isaac.
Title of a work Historical view of the Council of Nice.
Date of a work 1955
830 #0 - SERIES ADDED ENTRY--UNIFORM TITLE
Uniform title Twin brooks series
942 ## - ADDED ENTRY ELEMENTS (KOHA)
Source of classification or shelving scheme Dewey Decimal Classification
Koha item type Books
Holdings
Withdrawn status Lost status Source of classification or shelving scheme Damaged status Not for loan Collection code Home library Current library Shelving location Date acquired Cost, normal purchase price Total Checkouts Full call number Barcode Date last seen Price effective from Koha item type
    Dewey Decimal Classification     Non-fiction Harvest Mission College Harvest Mission College General Stacks 16.01.2019 250.00   875 B792e 007122 16.01.2019 16.01.2019 Books

OPAC Designed and Maintained by HMC Library Team.
Copyright © HMC Library,Greater Noida, UP.
For any Suggestions/Query Contact library via Email:libhmc@gmail.com